LEADER 01521nam a2200325 4500 001 000000364976 003 CaOOAMICUS 005 20251106145345.0 008 251105s1996 it a 000 u ita r 020 $a88-16-40065-X 040 $aSeMil$bita 100 1 $aSitte, Camillo,$d<1843- >.$0(OLS)http://semarc/name/123082 240 10$aDer Städte-Bau nach seinen Künstlerischen Grundsätzen.$0(OLS)http://semarc/title/456502 245 12$aL'arte di costruire le città :$bl'urbanistica secondo i suoi fondamenti artistici /$cCamillo Sitte ; note a cura di Daniel Wieczòrek. 250 $a6. rist. 264 1$aMilano :$bJaca Book,$c1996. 300 $a216 p. :$bill. ;$c23 cm 490 1 $aDi fronte e attraverso ;$v65 490 1 $aSaggi di architettura 650 4$aUrbanistica - Estetica.$0(OLS)http://semarc/subject/45223 700 1 $aWieczòrek, Daniel.$0(OLS)http://semarc/name/123083 830 0$aDi fronte e attraverso ;$v65.$0(OLS)http://semarc/title/6486 830 0$aSaggi di architettura.$0(OLS)http://semarc/title/20391 850 $aSeMil 852 $aSeMil$W1$xVenegono$y1$m4Y III 196$j264334$B255827$CSeMilBibl$Z2$F255827 $81 961 $aBuzzi mons. Franco - Omaggio 996 $6020$a88-16-40065-X$9(OLS)http://semarc/number/304496 996 $6245$aL'arte di costruire le città :$bl'urbanistica secondo i suoi fondamenti artistici$9(OLS)http://semarc/title/456503 996 $6264$aMilano :$bJaca Book$9(OLS)http://semarc/publisher/29781 LEADER 01143nam a2200241 i 4500 001 000000131681 003 CaOOAMICUS 005 20070912000000.0 008 070912s1926 it u000 u ita u 013 $a104578 040 $aSeMil$bita 100 1 $aPenco, Giovanni Battista.$0(OLS)http://semarc/name/23606 245 10$aVita del Cardinale Andrea Carlo Ferrari, Arcivescovo di Milano /$cG. B. Penco, B. Galbiati ; a cura della Compagnia S. Paolo. 260 $aMilano ; Roma :$bEd. Cardinal Ferrari,$c[1926] 300 $aXV, 466 p. :$b[1] c. di ritratto :$bill. ;$c27 cm. 600 14$aFerrari, Andrea Carlo .$0(OLS)http://semarc/subject/1361 700 1 $aCompagnia di San Paolo.$0(OLS)http://semarc/name/43548 700 1 $aGalbiati, Benedetto.$0(OLS)http://semarc/name/48868 850 $aSeMil 852 $aSeMil$W1$xVenegono$y1$m3H V 105$j85628$B85628$CSeMilBibl$Z2$F126686 $81 961 $aRecupero: Altro 996 $6245$aVita del Cardinale Andrea Carlo Ferrari, Arcivescovo di Milano$9(OLS)http://semarc/title/193581 996 $6260$aMilano ; Roma :$bEd. Cardinal Ferrari$9(OLS)http://semarc/publisher/46696